<?xml version="1.0" encoding="UTF-8"?>
<record
    xmlns:xsi="http://www.w3.org/2001/XMLSchema-instance"
    xsi:schemaLocation="http://www.loc.gov/MARC21/slim http://www.loc.gov/standards/marcxml/schema/MARC21slim.xsd"
    xmlns="http://www.loc.gov/MARC21/slim">

  <leader>01801nam a22002057a 4500</leader>
  <datafield tag="999" ind1=" " ind2=" ">
    <subfield code="c">358478</subfield>
    <subfield code="d">358479</subfield>
  </datafield>
  <controlfield tag="003">IT-MiCISF</controlfield>
  <controlfield tag="005">20190805113404.0</controlfield>
  <controlfield tag="008">190805b           ||||| |||| 00| 0 eng d</controlfield>
  <datafield tag="040" ind1=" " ind2=" ">
    <subfield code="c">IT-MiCISF</subfield>
  </datafield>
  <datafield tag="041" ind1=" " ind2=" ">
    <subfield code="a">it</subfield>
  </datafield>
  <datafield tag="100" ind1=" " ind2=" ">
    <subfield code="a">Maino Franca, Razetti Federico</subfield>
    <subfield code="9">58013</subfield>
  </datafield>
  <datafield tag="245" ind1=" " ind2=" ">
    <subfield code="a">Fare rete per fare welfare</subfield>
    <subfield code="b">Dalle aziende ai territori: strumenti, attori, processi</subfield>
  </datafield>
  <datafield tag="260" ind1=" " ind2=" ">
    <subfield code="a">Torino</subfield>
    <subfield code="b">Giappichelli</subfield>
    <subfield code="c">2019</subfield>
  </datafield>
  <datafield tag="300" ind1=" " ind2=" ">
    <subfield code="a">pp. 211</subfield>
  </datafield>
  <datafield tag="500" ind1=" " ind2=" ">
    <subfield code="a">welfare, cambiamento, lavoro, territorio, esperienze</subfield>
  </datafield>
  <datafield tag="520" ind1=" " ind2=" ">
    <subfield code="a">Nel quadro della riconfigurazione in corso dei sistemi di protezione sociale, si assiste anche in Italia alla crescita del "welfare aziendale" e al parallelo aumento di interesse di studiosi, parti sociali e decisori politici per la (ri-)scoperta di forme di solidariet&#xE0; collettiva diverse da quelle assicurate dal sistema pubblico. I dati empirici a disposizione segnalano una crescita consistente del fenomeno nel nostro Paese, ma anche una sua diffusione a macchia di leopardo, con il rischio che si riproducano, in piccolo, le distorsioni tipiche del welfare state all'italiana. Come superare i limiti incontrati sino ad oggi? In particolare, come evitare che il cuore del tessuto produttivo italiano - fatto di micro, piccole e medie imprese - resti ai margini di tali processi? Sono queste le domande-chiave attorno a cui ruota questo volume, che si propone di contribuire al dibattito su limiti e potenzialit&#xE0; del welfare aziendale in Italia illustrando una serie di esperienze emblematiche accomunate dal fatto di essersi poste l'obiettivo di "fare rete per fare welfare", allargando cos&#xEC; il perimetro del welfare aziendale dalle mura delle singole imprese al territorio di riferimento.</subfield>
  </datafield>
  <datafield tag="650" ind1=" " ind2=" ">
    <subfield code="a">servizi-alla-persona</subfield>
    <subfield code="9">56082</subfield>
  </datafield>
  <datafield tag="654" ind1=" " ind2=" ">
    <subfield code="a">saggio</subfield>
  </datafield>
  <datafield tag="942" ind1=" " ind2=" ">
    <subfield code="2">ddc</subfield>
    <subfield code="c">BK</subfield>
  </datafield>
  <datafield tag="952" ind1=" " ind2=" ">
    <subfield code="0">0</subfield>
    <subfield code="1">0</subfield>
    <subfield code="2">ddc</subfield>
    <subfield code="4">0</subfield>
    <subfield code="6">B_7555_000000000000000</subfield>
    <subfield code="7">1</subfield>
    <subfield code="a">CISF</subfield>
    <subfield code="b">CISF</subfield>
    <subfield code="d">2019-08-05</subfield>
    <subfield code="l">0</subfield>
    <subfield code="o">b7555</subfield>
    <subfield code="p">9788892120457</subfield>
    <subfield code="r">2019-08-05 00:00:00</subfield>
    <subfield code="w">2019-08-05</subfield>
    <subfield code="y">BK</subfield>
  </datafield>
</record>
